Избранные главы химической технологии с оценкой экологических проблем и коррозионной агрессивности технологических сред. Ч. 1: Водоподготовка. Технология неорганических веществ (Запись № 10519521)

Подробности
000 -МАРКЕР
контрольное поле 02707nam2a2200313 4500
001 - ИДЕНТИФИКАТОР ЗАПИСИ
контрольное поле RU\NLR\BIBL_A\010884533
005 - ИДЕНТИФИКАТОР ВЕРСИИ
контрольное поле 20250624194226.0
010 ## - МЕЖДУНАРОДНЫЙ СТАНДАРТНЫЙ НОМЕР КНИГИ (ISBN)
Номер (ISBN) 978-5-91253-622-9
Тираж 400
021 ## - НОМЕР ГОСУДАРСТВЕННОЙ РЕГИСТРАЦИИ
Код страны Российская Федерация
Номер 2015-79755
Номер Листа государственной регистраци 4829
035 ## - ДРУГИЕ СИСТЕМНЫЕ НОМЕРА
Идентификатор записи (NLR Aleph) 010884533
100 ## - ДАННЫЕ ОБЩЕЙ ОБРАБОТКИ
Данные общей обработки 20151106d2015 |||y0rusy50 ca
101 0# - ЯЗЫК РЕСУРСА
Язык текста, звукозаписи и т.д. русский
102 ## - СТРАНА ПУБЛИКАЦИИ ИЛИ ПРОИЗВОДСТВА
Страна публикации Российская Федерация
105 ## - ПОЛЕ КОДИРОВАННЫХ ДАННЫХ: ТЕКСТОВЫЕ МАТЕРИАЛЫ, МОНОГРАФИЧЕСКИЕ
Кодированные данные о монографическом текстовом документе a|||j|||000yy
200 1# - ЗАГЛАВИЕ И СВЕДЕНИЯ ОБ ОТВЕТСТВЕННОСТИ
Основное заглавие Водоподготовка. Технология неорганических веществ
210 ## - ПУБЛИКАЦИЯ, РАСПРОСТРАНЕНИЕ И ДР.
Дата издания, распространения и т.д. 2015
Место издания, распространения и т.д. Б. м.
215 ## - ФИЗИЧЕСКАЯ ХАРАКТЕРИСТИКА
Специфическое обозначение материала и объем 204 с.
Другие сведения о физической характеристике ил.
320 ## - ПРИМЕЧАНИЯ О НАЛИЧИИ В ДОКУМЕНТЕ БИБЛИОГРАФИИ / УКАЗАТЕЛЯ
Текст примечания Библиогр.: с. 203-204 (19 назв.)
461 #0 - УРОВЕНЬ НАБОРА
Встроенное поле 001RU\NLR\BIBL_A\010924256
-- 2001#$aИзбранные главы химической технологии с оценкой экологических проблем и коррозионной агрессивности технологических сред$eучебное пособие для студентов химических и химико-технологических специальностей университетов$fВ.И. Вигдорович, Л.Е. Цыганкова, Н.В. Шель, Е.Г. Кузнецова$g[отв. ред.: засл. деят. науки и техники РФ, д.х.н., проф. В.И. Вигдорович]$gМ-во образования и науки Рос. Федерации, ФГБОУ ВПО "Тамбов. гос. ун-т им. Г.Р. Державина" [и др.]$vЧ. 1
Системный номер (АБИС) связанной записи 10691904
Место публикации Тамбов
Дата публикации 2015
Первые сведения об ответственности В.И. Вигдорович, Л.Е. Цыганкова, Н.В. Шель, Е.Г. Кузнецова
Имя издателя, распространителя и т.д. Изд-во Першина Р.В.
Сведения, относящиеся к заглавию учебное пособие для студентов химических и химико-технологических специальностей университетов
Заглавие Избранные главы химической технологии с оценкой экологических проблем и коррозионной агрессивности технологических сред
Номер тома Ч. 1
517 1# - ДРУГИЕ ВАРИАНТЫ ЗАГЛАВИЯ
Вариант заглавия Технология неорганических веществ
606 1# - НАИМЕНОВАНИЕ ТЕМЫ КАК ПРЕДМЕТ
Наименование темы Вода
Формальный подзаголовок Учебные издания для высших учебных заведений
Тематический подзаголовок Применение в химических производствах
Системный номер авторитетной/нормативной записи 2193144
Идентификатор авторитетной/нормативной записи RU\NLR\AUTH\6601553832
606 1# - НАИМЕНОВАНИЕ ТЕМЫ КАК ПРЕДМЕТ
Наименование темы Неорганическая химическая технология
Формальный подзаголовок Учебные издания для высших учебных заведений
Системный номер авторитетной/нормативной записи 1092987
Идентификатор авторитетной/нормативной записи RU\NLR\AUTH\66429055
686 1# - ИНДЕКСЫ ДРУГИХ КЛАССИФИКАЦИЙ
Индекс Л20я73-1
686 1# - ИНДЕКСЫ ДРУГИХ КЛАССИФИКАЦИЙ
Индекс Л10-388я73-1
942 ## - ДОПОЛНИТЕЛЬНЫЕ ЭЛЕМЕНТЫ ЗАПИСИ (АБИС)
Тип экземпляра АБИС Книга
980 ## - КОЛЛЕКЦИЯ
Название коллекции Национальная библиография
Экземпляры
Тип экземпляра Дата поступления Источник поступления Стоимость Библиотека постоянного хранения Библиотека текущего хранения Место хранения Шифр хранения Штрих-код Статус экземпляра
Книга 06.11.2015 Обязательный экземпляр 0.00 РНБ (Московский) РНБ (Московский) Русский книжный фонд: издания с 1957 года 2015-3/35832 1-1188878  
Книга 06.11.2015 Обязательный экземпляр 0.00 РНБ (Московский) РНБ (Московский) Русский книжный фонд: издания с 1957 года 2015-3/35832 1-1188882